000 00462nam a2200181Ia 4500
001 19314
005 20260306172644.0
008 260306t2020||||xx |||||||||||||| ||spa||
041 _aESP
082 _a658.83
_bV65
100 _aVillaverde, Silvia
_eAUT
245 0 _aInvestigación de mercados en entornos digitales y convencionales
260 _c2020
300 _a166 pƔginas :
_c24 cm.
650 _aGEN
654 _aCAN
942 _cLIB
_dJUS
_fJUS
_2ddc
_n
999 _c19314
_d19314